000 00395pab a2200145 454500
008 180718b1987 xxu||||| |||| 00| 0 eng d
100 _aSarap, Kailas
245 _aTransactions in rural credit markets in Western Orissa, India
260 _c1987
300 _a83-107
362 _aOct.
650 _aAgricultural Credit - India - Orissa
773 _aJournal of Peasant Studies
909 _a3364
999 _c3364
_d3364